=LDR 00000nam 2200000 4500 =001 NUTBA000000000004931 =005 20210106100704 =035 ##$$a 0010-101400000000161 =008 210106################g##########0#ind## =020 ##$$a 978-602-8092-85-2 =040 ##$$a NBPDMAT =090 ##$$a 332.4 $b Ach u =100 ##$$a Achmad Buchory =245 1#$$a Uang : $b Seri jelajah pengetahuan sosial /$c Achmad Buchory; Penyunting, Tatas Pristyani =250 ##$$a Cet.2 =260 ##$$a Solo :$b Putra Nugraha,$c 2010 =300 ##$$a iv, 48 hlm. : $b ilus. ; $c 25 x 18 cm =650 #4$$a Uang =700 #$$a Tatas Pristyani =850 ##$$a NBPDMAT =082 ##$$a 332.4 =084 ##$$a 332.4 ACH u =504 ##$$a Bibilografi : hlm. 48 =990 ##$$a 21412662 =990 ##$$a 21412663 =990 ##$$a 21412664 =990 ##$$a 21412665 =990 ##$$a 21412666 =990 ##$$a 21406598 =990 ##$$a 21406599 =990 ##$$a 21406600 =990 ##$$a 3153531535 =990 ##$$a 21406601 =990 ##$$a 21412662 =990 ##$$a 21412663 =990 ##$$a 21412664 =990 ##$$a 21412665 =990 ##$$a 21412666 =990 ##$$a 21406598 =990 ##$$a 21406599 =990 ##$$a 21406600 =990 ##$$a 4434544345 =990 ##$$a 21406597 =990 ##$$a 21412662 =990 ##$$a 21412663 =990 ##$$a 21412664 =990 ##$$a 21412665 =990 ##$$a 21412666 =990 ##$$a 21406598 =990 ##$$a 21406599 =990 ##$$a 21406600 =990 ##$$a 21406601